Name Rock Bands - Statistics

General Stats
  • This quiz has been taken 53 times
  • The average score is 14 of 45
Answer Stats
Answer % Correct
. Metallica
82%
. Guns N Roses
76%
. The Beatles
76%
. Queen
73%
. The Rolling Stones
69%
. Led Zeppelin
67%
. AC/DC
64%
. Nirvana
64%
. Pink Floyd
51%
. Iron Maiden
49%
. Black Sabbath
47%
. Bon Jovi
44%
. Aerosmith
42%
. Foo Fighters
42%
. Motley Crue
42%
. KISS
40%
. Def Leppard
38%
. Poison
38%
. Eagles
33%
. Lynyrd Skynyrd
31%
. Van Halen
31%
. Journey
29%
. Whitesnake
29%
. Ramones
27%
. The Police
27%
. Scorpions
24%
. Fleetwood Mac
22%
. Judas Priest
20%
. Twisted Sister
20%
. Ratt
16%
. Korn
13%
. Europe
11%
. Nickleback
11%
. Tom Petty And The Heartbreakers
11%
. Kansas
9%
. Quiet Riot
9%
. The Stooges
7%
. Toto
7%
. Cinderella
4%
. Great White
4%
. Warrant
4%
. Survivor
2%
. Winger
2%
. Disturbed
0%
. Krokus
0%
No matching quizzes found
Score Distribution
Percent of People with Each Score
Percentile by Number Answered
Your Score History
You have not taken this quiz